000 00291nam a22001337a 4500
008 170529b xxu||||| |||| 00| 0 eng d
020 _a0470274514
041 _aeng
080 _a621
100 _a25
101 _aIM
245 _aALTERNATING CURRENT MACHINES
_cSAY,M.G
942 _2udc
_cBK
999 _c14878
_d14878